00561nam a2200169Ia 4500008004100000020001800041041000800059082001600067100002400083245004000107250000600147260004100153300001100194650003900205999001900244952012800263210716s2008 xx 000 0 und d a9788126514649 aeng a004.22 SADG aSadasivam, G Sudha. aDistributed component architecture. a1 aNew DelhibWiley India Pvt Ltdc2008 axv,416 aComputer Architecture/Organization c189296d189296 001040708MCAaAIMITbAIMITeCurrent Booksg299.00l0o004.22 SADGpMCA08804r2025-07-21 00:00:00v254.15w2021-07-16yBK